Reestructuración presupuestaria-segundo semestre 1983
Uloženo v:
| Korporativní autor: | |
|---|---|
| Médium: | Text |
| Vydáno: |
San José:
CSUCA
|
| Tagy: |
Přidat tag
Žádné tagy, Buďte první, kdo vytvoří štítek k tomuto záznamu!
|
MARC
| LEADER | 00000 a a2200000 04500 | ||
|---|---|---|---|
| 001 | 20939 | ||
| 003 | |||
| 040 | |a CRAI/IIS |c CRAI/IIS | ||
| 090 | |a 089800 | ||
| 110 | |a CSUCA. Secretaría General | ||
| 245 | |a Reestructuración presupuestaria-segundo semestre 1983 | ||
| 260 | |a San José: |b CSUCA | ||
| 300 | |a 8 p. | ||
| 999 | |c 14411 |d 14411 | ||
